000 00380nam a22001457a 4500
020 _a0-8213-2382-2
082 _a614.3552
_bWIG
100 _aWig, David
_940229
245 _aAn then forgot to tell us why.
260 _aThe World Bank
_bWashington
300 _aiv, 44 p.:
_bill, :
_c6 Cm
526 _a0
_b0
_c0
_d614_355200000000000_WIG
650 _aMCE
_9379
942 _2ddc
_cBK
999 _c544571
_d544571